00286nam a2200121Ia 4500008004100000100001600041245003500057260002200092300000800114650001800122942000700140999001700147190216s9999||||xx |||||||||||||| ||und|| aA Symposium 0aContemporary Indian Literature bSahithya Accadamy a319 aEnglish Essay cBK c11586d11586